000
00303nam a2200145Ia 4500
100
_a
Cady /Dorothy
942
_c
BK
654
_a
Computer
245
_a
CNE 3 Short Course
260
_b
Prentice Hall
_a
New Delhi
_c
1996
082
_a
4.65
_b
CAD
300
_a
811
546
_a
ENGLISH
999
_c
28865
_d
28865